00496nam a2200193 a 4500001001300000003000900013005001700022008004100039020001000080082001300090100002100103245004900124260003800173300000900211500003500220505001000255650001600265700002100281nice12345678IN_TiNIC20260116011646.0050524s1964 newa grp 000 0 eng  ac3.500a234bWIL aWilletts, Alfred aWhat the New Testament Say About Forgiveness aNew YorkbAssociation Pressc1964 a127p aincludes index and biblioraphy2 aIndex aForgiveness1 aWilletts, Alfred